书目信息 |
| 题名: |
农村环境保护与生态文明建设
|
|
| 作者: | 殷培红 主编 ;环境保护部 编著 | |
| 分册: | ||
| 出版信息: | 北京 中国环境出版社 2016.12 |
|
| 页数: | 211页 | |
| 开本: | 26cm | |
| 丛书名: | ||
| 单 册: | ||
| 中图分类: | X322.2 | |
| 科图分类: | ||
| 主题词: | 农村生态环境--环境保护--研究--中国 | |
| 电子资源: | ||
| ISBN: | 978-7-5111-3019-8 | |
| 000 | 01285nam0 2200253 450 | |
| 001 | 994 | |
| 005 | 20180927092223.28 | |
| 010 | @a978-7-5111-3019-8@dCNY48.00 | |
| 100 | @a20180412d2016 em y0chiy50 ea | |
| 101 | 0 | @achi |
| 102 | @aCN@b110000 | |
| 105 | @ay z 000yy | |
| 200 | 1 | @a农村环境保护与生态文明建设@9nong cun huan jing bao hu yu sheng tai wen ming jian she@f环境保护部环境与经济政策研究中心编著 |
| 210 | @a北京@c中国环境出版社@d2016.12 | |
| 215 | @a211页@d26cm | |
| 307 | @a实际页数为:212 | |
| 314 | @a主编:殷培红 | |
| 330 | @a本书结合农村环境保护与生态文明体制改革的理念和要求,以“大环保”为视角,采取“理论+案例+扩展阅读”的方式,将本书分为概述篇、案例篇、扩展阅读三部分。重点围绕农业绿色发展、农村人居环境建设、农村生态系统修复、农村生态文明体制创新、农村环境社会治理五个主题展开具体内容。概述篇重点阐述其中四大主题的现状进展、面临问题、总体思路与对策措施;案例篇围绕案例背景、解决过程、案例启示介绍地方的成功经验;扩展阅读就几大主题的相关热点话题、关键问题、创新理念等整理了好文好书清单与读者分享。 | |
| 606 | 0 | @a农村生态环境@x环境保护@x研究@y中国 |
| 690 | @aX322.2@v5 | |
| 701 | 0 | @a殷培红@9yin pei hong@4主编 |
| 712 | 02 | @a环境保护部@9huan jing bao hu bu@b环境与经济政策研究中心@4编著 |
| 801 | 0 | @aCN@b91MARC@c20180412 |
| 905 | @aMuseLib@dX322.2@e225 | |
| 农村环境保护与生态文明建设/环境保护部环境与经济政策研究中心编著.-北京:中国环境出版社,2016.12 |
| 211页;26cm |
| ISBN 978-7-5111-3019-8:CNY48.00 |
| 本书结合农村环境保护与生态文明体制改革的理念和要求,以“大环保”为视角,采取“理论+案例+扩展阅读”的方式,将本书分为概述篇、案例篇、扩展阅读三部分。重点围绕农业绿色发展、农村人居环境建设、农村生态系统修复、农村生态文明体制创新、农村环境社会治理五个主题展开具体内容。概述篇重点阐述其中四大主题的现状进展、面临问题、总体思路与对策措施;案例篇围绕案例背景、解决过程、案例启示介绍地方的成功经验;扩展阅读就几大主题的相关热点话题、关键问题、创新理念等整理了好文好书清单与读者分享。 |
| ● |
| 相关链接 |
|
|
|
|
正题名:农村环境保护与生态文明建设
索取号:X322.2/225
 
预约/预借
| 序号 | 登录号 | 条形码 | 馆藏地/架位号 | 状态 | 备注 |
| 1 | 1120659 | 211206595 | 第二样本阅览室/ [索取号:X322.2/225] | 在馆 | |
| 2 | 1120660 | 211206602 | 密集书库-资源管理系/ [索取号:X322.2/225] | 在馆 | |
| 3 | 1120661 | 211206611 | 第三借阅区/ [索取号:X322.2/225] | 在馆 | |
| 4 | 1120662 | 211206620 | 第三借阅区/ [索取号:X322.2/225] | 在馆 | |
| 5 | 1120663 | 211206639 | 第三借阅区/ [索取号:X322.2/225] | 在馆 |